<?xml version="1.0" encoding="UTF-8"?>
<marc:record xmlns:marc="http://www.loc.gov/MARC21/slim">
   <marc:leader>00000nam a2200000 a 4500</marc:leader>
   <marc:datafield ind1="1" ind2=" " tag="100">
      <marc:subfield code="a">Laudert, Doris</marc:subfield>
      <marc:subfield code="4">aut</marc:subfield>
      <marc:subfield code="e">Verfasser/-in</marc:subfield>
   </marc:datafield>
   <marc:datafield ind1=" " ind2=" " tag="653">
      <marc:subfield code="a">Geschichte</marc:subfield>
   </marc:datafield>
   <marc:datafield ind1=" " ind2=" " tag="653">
      <marc:subfield code="a">Pflanzen</marc:subfield>
   </marc:datafield>
   <marc:datafield ind1=" " ind2=" " tag="653">
      <marc:subfield code="a">Pflege</marc:subfield>
   </marc:datafield>
   <marc:datafield ind1=" " ind2=" " tag="653">
      <marc:subfield code="a">Baum</marc:subfield>
   </marc:datafield>
   <marc:datafield ind1="0" ind2="0" tag="245">
      <marc:subfield code="a">Mythos Baum</marc:subfield>
   </marc:datafield>
   <marc:datafield ind1=" " ind2="1" tag="264">
      <marc:subfield code="b">BLV-Verl.-Ges.</marc:subfield>
      <marc:subfield code="c">2003</marc:subfield>
   </marc:datafield>
   <marc:datafield ind1="1" ind2=" " tag="520">
      <marc:subfield code="a">Bäume hatten schon immer eine besondere Bedeutung für den Menschen. Sie waren Sitz der Götter und Orte des Gerichts, sie verkörpern Kraft und Fruchtbarkeit, bieten Schutz, spenden Nahrung, liefern Brenn- und Bauholz. Faktenreich und unterhaltsam spürt dieses Buch dem Mythos Baum nach. Es zeigt seine Rolle in Geschichte, Religion und Brauchtum und stellt wichtige mitteleuropäische Gehölzarten im Porträt vor.    Fakten, Mythos, Brauchtum, 2. Januar 2004    40 Bäume wie der Ahorn, Apfelbaum, Birke, Buche, Eberesche, Edelkastanie, Efeu, Eibe, Eiche, Erle, Esche, Fichte, Hainbuche, Haselstrauch, Holunder, Kiefer, Linde, Stechpalme, Tanne, Weide, Weißdorn aber auch Mediterrane Arten wie Feige, Ginko, Lorbeer, Ölbaum und noch einige mehr werden nach einer Einleitung über die Kulturgeschichte des Waldes, seiner Rodung und Gewinnung ausführlich erklärt. Auf die Kulturgeschichte einer jeden Baumart wird eingegangen, Gedichte und Brauchtum, aber auch Heilwirkung werden erläutert, oder Nutzung des Baumes (oder einiger Teile). Viele Bilder laden ein, die Bäume auch in der Natur kennen zu lernen und erkennen zu können. Das Buch verbindet Fakten, Mythen, und Brauchtum sehr schön miteinander. Für mich persönlich hätte zwar noch mehr Mythen und Legenden darin zu finden sein können, aber die Fakten sind mir auch sehr wichtig, denn sie erklären die Grundlage auf die die Legenden oft basieren. *amazon.de*</marc:subfield>
   </marc:datafield>
   <marc:datafield ind1=" " ind2=" " tag="020">
      <marc:subfield code="a">9783405166403</marc:subfield>
      <marc:subfield code="9">9783405166403</marc:subfield>
   </marc:datafield>
</marc:record>
